书目信息 |
| 题名: |
到底怎么吃才健康
|
|
| 作者: | 杨健 , 杨晓军 , 陈玉琴 编著 | |
| 分册: | ||
| 出版信息: | 北京 石油工业出版社 2010 |
|
| 页数: | 183页 | |
| 开本: | 24cm | |
| 丛书名: | ||
| 单 册: | ||
| 中图分类: | R151.4 | |
| 科图分类: | ||
| 主题词: | 食品营养--合理营养--基本知识 , 食品营养 , 合理营养 | |
| 电子资源: | ||
| ISBN: | 978-7-5021-7935-9 | |
| 000 | 01083nam0 2200277 45 | |
| 001 | 1256809812 | |
| 005 | 20120626163908.93 | |
| 010 | @a978-7-5021-7935-9@dCNY26.80 | |
| 100 | @a20120626d2010 em y0chiy0110 ea | |
| 101 | 0 | @achi |
| 102 | @aCN@b110000 | |
| 105 | @aa z 000yy | |
| 106 | @ar | |
| 200 | 1 | @a到底怎么吃才健康@ADao Di Zen Me Chi Cai Jian Kang@f杨健,杨晓军,陈玉琴编著@FYang Jian, Yang Xiao Jun, Chen Yu Qin Bian Zhu |
| 210 | @a北京@c石油工业出版社@d2010 | |
| 215 | @a183页@c图@d24cm | |
| 330 | @a本书就是要告诉大家不合理的膳食结构对身体造成的危害,针对某些大家习以为常的饮食习惯,指出什么是正确的、什么是错误的,从关注国民身体素质的角度出发,指出正确的“吃之道”,希望大家能够从最普通的食物中获得生命的能量,拥有健康的生活。 | |
| 606 | 0 | @a食品营养@x合理营养@x基本知识 |
| 606 | 0 | @a食品营养 |
| 606 | 0 | @a合理营养 |
| 690 | @aR151.4@v4 | |
| 701 | 0 | @a杨健@AYang Jian@4编著 |
| 701 | 0 | @a杨晓军@AYang Xiao Jun@4编著 |
| 701 | 0 | @a陈玉琴@AChen Yu Qin@4编著 |
| 801 | 0 | @aCN@b大连网信软件有限公司图书馆·11@c20120626 |
| 905 | @b0819298-300@dR151.4@e102@f3 | |
| 到底怎么吃才健康/杨健,杨晓军,陈玉琴编著.-北京:石油工业出版社,2010 |
| 183页:图;24cm |
| ISBN 978-7-5021-7935-9:CNY26.80 |
| 本书就是要告诉大家不合理的膳食结构对身体造成的危害,针对某些大家习以为常的饮食习惯,指出什么是正确的、什么是错误的,从关注国民身体素质的角度出发,指出正确的“吃之道”,希望大家能够从最普通的食物中获得生命的能量,拥有健康的生活。 |
| ● |
| 相关链接 |
|
|
|
|
正题名:到底怎么吃才健康
索取号:R151.4/102
 
预约/预借
| 序号 | 登录号 | 条形码 | 馆藏地/架位号 | 状态 | 备注 |
| 1 | 0819298 | 208192980 | 第二样本阅览室/ [索取号:R151.4/102] | 在馆 | |
| 2 | 0819299 | 208192999 | 第三借阅区/ [索取号:R151.4/102] | 在馆 | |
| 3 | 0819300 | 208193006 | 第三借阅区/ [索取号:R151.4/102] | 在馆 |